Instrumentos musicales afrolimonenses

Kaydedildi:
Detaylı Bibliyografya
Materyal Türü: Bilinmiyor
Dil:Spanish
Baskı/Yayın Bilgisi: San José, Costa Rica : Ministerio de Cultura Juventud y Deportes, 1983
Konular:
Etiketler: Etiketle
Etiket eklenmemiş, İlk siz ekleyin!

MARC

LEADER 000000000a22000000004500
001 003317
041 0 |a spa 
082 0 4 |a 786.972.861   |b S161i 
245 1 0 |a Instrumentos musicales afrolimonenses 
260 1 |a San José, Costa Rica :   |b Ministerio de Cultura Juventud y Deportes,   |c 1983 
300 |a 95 páginas ilus 
650 4 |a MUSICA LIMONENSE 
650 4 |a INSTRUMENTOS MUSICALES 
650 4 |a LIMON (COSTA RICA) 
999 |c 9565  |d 9565 
942 |c BK  |h 786.972.861 S161i  |2 z